Arche Noah auf dem Blutmeer: Paul Celans Paris-Gedicht La Contrescarpe

Saved in:
Bibliographic Details
Main Author: Krings, Marcel (Author)
Format: Chapter/Article
Language:German
Published: 2007
In: Deutsch-französische Literaturbeziehungen
Year: 2007, Pages: 213-238
Subjects:
Online Access: Get full text
Author Notes:Marcel Krings

MARC

LEADER 00000caa a22000002c 4500
001 1473582016
003 DE-627
005 20260126092932.0
007 tu
008 140404s2007 xx ||||| 00| ||ger c
035 |a (DE-627)1473582016 
035 |a (DE-576)403582016 
035 |a (DE-599)BSZ403582016 
035 |a (OCoLC)1340636729 
040 |a DE-627  |b ger  |c DE-627  |e rakwb 
041 |a ger 
084 |a 53  |2 sdnb 
100 1 |a Krings, Marcel  |d 1972-  |0 (DE-588)133361217  |0 (DE-627)543660974  |0 (DE-576)186093861  |4 aut 
245 1 0 |a Arche Noah auf dem Blutmeer  |b Paul Celans Paris-Gedicht La Contrescarpe  |c Marcel Krings 
264 1 |c 2007 
300 |a 26 
336 |a Text  |b txt  |2 rdacontent 
337 |a ohne Hilfsmittel zu benutzen  |b n  |2 rdamedia 
338 |a Band  |b nc  |2 rdacarrier 
689 0 0 |d u  |0 (DE-588)1240784422  |0 (DE-627)1769680098  |0 (DE-576)208883940  |a Celan, Paul  |d 1920-1970  |t La contrescarpe  |2 gnd 
689 0 |5 (DE-627) 
773 0 8 |i In  |t Deutsch-französische Literaturbeziehungen  |d Würzburg : Königshausen & Neumann, 2007  |g (2007), Seite 213-238  |h 287 S.  |w (DE-627)535045026  |w (DE-576)272320609  |z 3826036158  |z 9783826036156  |7 nnam  |a Arche Noah auf dem Blutmeer Paul Celans Paris-Gedicht La Contrescarpe 
773 1 8 |g year:2007  |g pages:213-238  |g extent:26  |a Arche Noah auf dem Blutmeer Paul Celans Paris-Gedicht La Contrescarpe 
951 |a AR 
990 |a Celan, Paul / La contrescarpe 
992 |a 20140404 
993 |a BookComponentPart 
994 |a 2007 
998 |g 133361217  |a Krings, Marcel  |m 133361217:Krings, Marcel  |d 90000  |d 90100  |e 90000PK133361217  |e 90100PK133361217  |k 0/90000/  |k 1/90000/90100/  |p 1  |x j  |y j 
999 |a KXP-PPN1473582016  |e 2791988955 
BIB |a Y 
JSO |a {"origin":[{"dateIssuedDisp":"2007","dateIssuedKey":"2007"}],"name":{"displayForm":["Marcel Krings"]},"language":["ger"],"id":{"eki":["1473582016"]},"physDesc":[{"extent":"26 S."}],"type":{"bibl":"chapter"},"person":[{"display":"Krings, Marcel","role":"aut","family":"Krings","given":"Marcel"}],"title":[{"title_sort":"Arche Noah auf dem Blutmeer","title":"Arche Noah auf dem Blutmeer","subtitle":"Paul Celans Paris-Gedicht La Contrescarpe"}],"relHost":[{"physDesc":[{"noteFormat":"24 cm","noteIll":"Ill.","extent":"287 S."}],"language":["ger"],"part":{"year":"2007","extent":"26","pages":"213-238","text":"(2007), Seite 213-238"},"name":{"displayForm":["hrsg. von Marcel Krings und Roman Luckscheiter. Mit einem Geleitw. von Bernhard Böschenstein"]},"origin":[{"dateIssuedDisp":"2007","publisherPlace":"Würzburg","publisher":"Königshausen & Neumann","dateIssuedKey":"2007"}],"title":[{"title_sort":"Deutsch-französische Literaturbeziehungen","title":"Deutsch-französische Literaturbeziehungen","subtitle":"Stationen und Aspekte dichterischer Nachbarschaft vom Mittelalter bis zur Gegenwart ; [... Beiträge einer Tagung, die im November 2006 in Heidelberg stattgefunden hat ...]"}],"disp":"Arche Noah auf dem Blutmeer Paul Celans Paris-Gedicht La ContrescarpeDeutsch-französische Literaturbeziehungen","id":{"eki":["535045026"],"isbn":["3826036158","9783826036156"]},"recId":"535045026","person":[{"role":"edt","given":"Marcel","family":"Krings","display":"Krings, Marcel"},{"display":"Luckscheiter, Roman","family":"Luckscheiter","given":"Roman","role":"oth"},{"family":"Böschenstein","given":"Bernhard","role":"oth","display":"Böschenstein, Bernhard"}],"type":{"bibl":"edited-book"}}],"recId":"1473582016"} 
SRT |a KRINGSMARCARCHENOAHA2007